Francisco Manuel de Herrera, fiscal de la Audiencia de Buenos Aires (1789-1799) : derecho, asuntos indígenas, religión, administración, economía /
Guardado en:
| Autor Principal: | |
|---|---|
| Formato: | Libro |
| Idioma: | Spanish |
| Publicado: |
Buenos Aires :
Departamento de publicaciones UBA,
2008.
|
| Edición: | 1a. ed. |
| Materias: | |
| Etiquetas: |
Agregar Etiqueta
Sin Etiquetas, Sea el primero en etiquetar este registro!
|
| LEADER | 00599nam a22001575a 4500 | ||
|---|---|---|---|
| 001 | DER.der008374 | ||
| 008 | 180615s2008####ag#||||||||||||||#||spa|| | ||
| 005 | 20250526163332.0 | ||
| 245 | 1 | 0 | |a Francisco Manuel de Herrera, fiscal de la Audiencia de Buenos Aires (1789-1799) : |b derecho, asuntos indígenas, religión, administración, economía / |c Abelardo Levaggi. |
| 250 | |a 1a. ed. | ||
| 260 | |a Buenos Aires : |b Departamento de publicaciones UBA, |c 2008. | ||
| 300 | |a 314 p. | ||
| 020 | |a 9789502910956 | ||
| 100 | 1 | |a Levaggi, Abelardo | |
| 650 | 7 | |a DERECHOS HUMANOS | |
| 859 | |a DERECHO |b BIB. DERECHO |h 341.767 |i LEV |p 006126 | ||
